LEADER 01062nam0 2200301 450 001 000021211 005 20080721103927.0 010 $a0521632811 100 $a20080401d2001----km-y0itaa50------ba 101 0 $aeng$agrc 102 $aGB 200 1 $aAlcibiades$fPlato$gedited by Nicholas Denyer 210 $aCambridge$cCambridge University Press$dc2001 215 $aXI, 254 p.$d19 cm. 225 2 $aCambridge Greek and Latin classics 410 1$12001$aCambridge Greek and Latin classics 676 $a938.9$v(21. ed.)$9Storia dell'antica Grecia, fino al 323 702 1$aDenyer,$bNicholas 801 0$aIT$bUniversità della Basilicata - B.I.A.$gRICA$2unimarc 912 $a000021211 996 $aAlcibiades$988922 997 $aUNIBAS BAS $aLETTERE CAT $aSTD061$b01$c20080401$lBAS01$h1213 CAT $aSTD061$b01$c20080521$lBAS01$h1052 CAT $aMDL$b30$c20080721$lBAS01$h1039 FMT Z30 -1$lBAS01$LBAS01$mBOOK$1BASA1$APolo Storico-Umanistico$2DID$BDidattica$3FM/105990$6105990$5L105990$820080521$f04$FPrestabile Didattica LEADER 01150nam0 22003131i 450 001 UON00517005 005 20231205105526.257 010 $a88-06-16006-0 100 $a20230904d2002 |0itac50 ba 101 $aita 102 $aIT 105 $a|||| ||||| 200 1 $aˆLa ‰violoncellista$fMichael Krüger$gtraduzione di Palma Severi 210 $aTorino$cEinaudi$d2002 215 $a194 p.$d22 cm 410 1$1001UON00148212$12001 $aˆI ‰coralli$v180 500 1$3UON00517006$aˆDie ‰Cellospielerin$93903964 606 $aNARRATIVA TEDESCA$3UONC084005$2FI 620 $aIT$dTorino$3UONL000014 676 $a833.914$cNarrativa tedesca, 1945-1990$v21 700 1$aKRÜGER$bMichael$3UONV093837$0388826 702 1$aSEVERI$bPalma$3UONV290928 712 $aEinaudi$3UONV246211$4650 801 $aIT$bSOL$c20241122$gRICA 899 $aSIBA - SISTEMA BIBLIOTECARIO DI ATENEO$2UONSI 912 $aUON00517005 950 $aSIBA - SISTEMA BIBLIOTECARIO DI ATENEO$dSI F. Goethe 830 KRU 3380 $eSI 45218 5 3380 996 $aCellospielerin$93903964 997 $aUNIOR